| 000 | 01206pam a2200349 a 4500 | ||
|---|---|---|---|
| 001 | 3127 | ||
| 003 | FISKH | ||
| 005 | 20240207155455.0 | ||
| 008 | 930928s1994 nyua j 000 1 eng | ||
| 010 | _a 93033646 | ||
| 020 | _a0805024166 (acidfree paper) : | ||
| 040 |
_aDLC _cDLC _dDLC _beng |
||
| 042 | _alcac | ||
| 050 | 0 | 0 |
_aPZ7.H4364 _bSab 1994 |
| 082 | 0 | 0 |
_a[Fic] _220 |
| 100 | 1 | _aHesse, Karen. | |
| 245 | 1 | 0 |
_aSable : _cKaren Hesse ; illustrated by Marcia Sewall. _bShe was all the dog tate ever wanted / |
| 250 | _aFirst Scholastic printing, September 1995 | ||
| 260 |
_aNew York : _bScholastic, _c1994 |
||
| 300 |
_a81 pages : _billustrations ; _c20 cm. |
||
| 490 | 1 | _aA Redfeather book | |
| 505 | _aR | ||
| 520 | _aTate Marshall is delighted when a stray dog turns up in the yard one day, but Sable, named for her dark, silky fur, causes trouble with the neighbors and has to go. | ||
| 521 | 8 |
_a690
_bLexile |
|
| 521 | 8 |
_aR
_bRaz-Plus |
|
| 650 | 1 |
_aDogs _xFiction. |
|
| 650 | 1 |
_aFathers and daughters _xFiction. |
|
| 650 | 1 |
_aCarpentry _xFiction. |
|
| 700 | 1 |
_aSewall, Marcia, _eillustrator |
|
| 906 |
_a7 _bcbc _corignew _d1 _eocip _f19 _gy-gencatlg |
||
| 942 |
_2ddc _cBK _n0 |
||
| 999 |
_c3127 _d3127 |
||